00442nam a2200181Ia 4500008004100000020001800041050001400059100001800073245002000091245005000111260001500161260001600176260000900192300001500201300002700216300001000243500000700253170918s9999 xx 000 0 und d a9780439639880 bH351 1998 aHaskins, Lori aToo many dogs / cby Lori Haskins ; illustrated by Joe Mathieu. aNew York : bScholastic, c1998 a32 pages : bcolored illustration ; c23cm. aBR